000 00484nam a2200169 a 4500
005 20260322212048.0
008 data
020 _a9780983168812
092 _a248.8 B75 2011
100 1 _aBrizendine, Judy.
245 1 0 _aStunned by grief :
_bremapping your life when loss changes everything /
_cJudy Brizendine.
260 _aLake Forest, CA :
_bBennettKnepp Publishing,
_c2011.
300 _aBook xvii, 274 p. : ill. ;
_b23 cm.
650 0 _aGrief
650 0 _aBereavement
001 data
999 _c1147
_d1147